| 000 | 00633nam a22001937a 4500 | ||
|---|---|---|---|
| 005 | 20170906162415.0 | ||
| 010 | _aENG-119529 | ||
| 020 |
_c250.00 _a9788184654929 |
||
| 035 | _aEN-103061 | ||
| 037 | _bDBAD/PUB | ||
| 082 | _a280.01 | ||
| 100 | _aRegulas,Bouvert | ||
| 245 |
_aChristian philosophy of religion / _cby Bouvert Regulas |
||
| 260 |
_aDelhi _bThe Indian Society for Promoting Christian Knowlewdge(ISPCK)) _c2015 |
||
| 270 |
_a1585,1654 Madarsa Road Kashmere Gate _bDelhi _e110006 |
||
| 300 |
_axv,213p. _c23cm(pbk) |
||
| 500 | _aIncludes bibliographical references | ||
| 942 |
_2ddc _cEN _mREG _h280.01 |
||
| 999 |
_c143129 _d143129 |
||